| 000 | 01444nam a2200301 i 4500 | ||
|---|---|---|---|
| 001 | 185345 | ||
| 003 | SpMaBN | ||
| 005 | 20231221194636.0 | ||
| 008 | 160523s2015 sp aco |||| |bspa d | ||
| 020 | _a978-84-9017-002-1 | ||
| 080 | _a929:37 Giner de los Ríos, Francisco | ||
| 100 | 1 |
_aAltamira, Rafael, _d1866-1951 _920515 |
|
| 245 | 1 | 0 |
_aGiner de los Ríos, educador / _cRafael Altamira Crevea ; estudio preliminar, Delia Manzanero. |
| 260 |
_aPamplona : _bAnalecta, _c[2015] |
||
| 300 |
_aLXXVI, 173 p. : _bil., retr. ; _c21 cm. |
||
| 490 | 1 | _aEnsayo. Textos reunidos | |
| 504 | _aReferencias bibliográficas. | ||
| 505 | 8 | _aContiene: La mirada de Altamira: el Giner "educador" que hizo nacer al Giner "jurista" / Delia Manzanero - Apéndices: I. Datos biográficos de don Francisco Giner de los Ríos - II. Bibliografía de Giner . Don Francisco Giner de los Ríos: necrológica / Rafael Altamira | |
| 600 | 1 | 4 |
_aGiner de los Ríos, Francisco, _d1839-1915 _957122 |
| 700 | 1 |
_aManzanero, Delia. _9159616 |
|
| 740 | 3 | 2 | _aLa mirada de Altamira: el Giner "educador" que hizo nacer al Giner "jurista" |
| 740 | 0 | 2 | _aDon Francisco Giner de los Ríos: necrológica. |
| 830 | 0 |
_aEnsayo. Textos reunidos _9225191 |
|
| 852 |
_aES-MaACL _jA-13776 _9192371 _bR.151126 _cDEPO1 _dOlim: N-6776 _hDonación: Pilar Altamira |
||
| 903 |
_aAltamira, Pilar, _d1939- _ednr _920514 |
||
| 942 |
_2udc _cMONOGRAFIA |
||
| 999 |
_c185345 _d185345 |
||